Postavenie a perspektíva samostatne hospodáriacich roľníkov na Slovensku.

Výsledky prieskumu postavenia samostatne hospodáriacich roľníkov na Slovensku, ktorý uskutočnili pracovníci katedier Prevádzkovo-ekonomickej fakulty VŠP v Nitre. Obavy z dopadov ekonomickej reformy na vyhliadky na prežitie. Námety, ktoré treba realizovať, aby sa zo súčasných malých roľníkov mohli st...

Full description

Saved in:
Bibliographic Details
Main Author: Mižičková, Ľudmila
Format: Book Chapter
Language:Slovak
Subjects:
Tags: Add Tag
No Tags, Be the first to tag this record!

MARC

LEADER 00000naa a2200000 4500
001 r004243
005 20221125075853.9
041 0 |a slo 
044 |a [CS] 
245 1 0 |a Postavenie a perspektíva samostatne hospodáriacich roľníkov na Slovensku.  |c Ľudmila Mižičková 
520 |a Výsledky prieskumu postavenia samostatne hospodáriacich roľníkov na Slovensku, ktorý uskutočnili pracovníci katedier Prevádzkovo-ekonomickej fakulty VŠP v Nitre. Obavy z dopadov ekonomickej reformy na vyhliadky na prežitie. Námety, ktoré treba realizovať, aby sa zo súčasných malých roľníkov mohli stať úspešní podnikatelia. 
610 2 0 |a roľníci jednotlivo hospodáriaci 
610 2 0 |a Slovensko 
610 2 0 |a reformy hospodárske 
610 2 0 |a podnikanie súkromné 
610 2 0 |a prieskum sociologický 
100 1 |a Mižičková, Ľudmila